=LDR 00000nam 2200000 4500 =001 INLIS000000000020244 =005 20130612115220 =008 ***********************************Ind** =035 ##$$0010-061300000020244 =041 ##$$a Ind =082 ##$$a 636.592 =090 ##$$a 636.592, Pam b =100 ##$$a Pambudhi, Widharto =245 ##$$a Beternak ayam arab merah si tukang bertelur, Beternak ayam Arab merah si tukang bertelur, Widharto Pambudhi dan Tim Lentera ; penyunting, Mulyono =260 ##$$a 2003 $b Jakarta =300 ##$$a vi, 93 hlm, ilus, 23 cm =650 ##$$a Ayam Arab-ternak =850 ##$$a NBPNMAT =990 ##$$a 0001/BPAP-NTB/20142014 =990 ##$$a 0001/BPAP-NTB/20142015